00000000nam 2200000zi 4500
0019.952576
003CaOODSP
00520250820142632
006m     o  d f      
007cr mn|||||||||
008250623e202503##oncabd  ob   f000 0 fre d
020 |a9780660779201|z9780660779195
040 |aCaOODSP|bfre|erda|cCaOODSP
043 |an-cn-bc
0861 |aFs144-87/2025F-PDF|zFs144-87/2025E-PDF
24500|aPlan de rétablissement : |bSaumon chinook de la côte ouest de l'île de Vancouver, Oncorhynchus tshawystcha, Suuhaa | SȾOḰI | sat'sam.
24610|aSaumon chinook de la côte ouest de l'île de Vancouver, Oncorhynchus tshawystcha, Suuhaa | SȾOḰI | sat'sam
264 1|aVancouver BC : |bPêches et océans Canada = Fisheries and Oceans Canada, |cmars 2025.
264 4|c©2025
300 |a1 ressource en ligne (viii, 47 pages) : |billustrations, cartes, graphiques.
336 |atexte|btxt|2rdacontent/fre
337 |ainformatique|bc|2rdamedia/fre
338 |aressource en ligne|bcr|2rdacarrier/fre
4901 |aPlan de rétablissement
500 |aTitre de la couverture.
500 |a« Non-classifié. »
500 |aPublié aussi en anglais sous le titre : Rebuilding plan : West Coast of Vancouver Island Chinook, Oncorhynchus tshawystcha, Suuhaa | SȾOḰI | sat'sam.
500 |aLe numéro de catalogue (Fs144-87/2025E-PDF) et ISBN (9780660779195) imprimés dans cette publication sont incorrects.
500 |a« Ce plan de rétablissement a été élaboré dans le cadre d'une collaboration technique entre les Premières Nations de la côte ouest de l'île de Vancouver et la région du Pacifique du MPO. »
500 |a« Date à laquelle il a été déterminé que le stock était égal ou inférieur à son PRL: novembre 2024. »
500 |a« Date à laquelle le stock a été recommandé : avril 2022. »
500 |a« Date à laquelle le plan de rétablissement a été approuvé : mars 2025. »
504 |aComprend des références bibliographiques (pages 46-47).
520 |a« Ce plan vise à déterminer les principaux objectifs de rétablissement du saumon chinook de la côte ouest de l'île de Vancouver, ainsi que les mesures de gestion qui seront utilisées pour les atteindre. Il fournit une interprétation commune des « règles » fondamentales qui régissent le rétablissement du stock. Ce stock est prescrit dans le Règlement de pêche (dispositions générales) [article 69] et est par conséquent visé par l'article 6.2 de la Loi sur les pêches et à ses exigences réglementaires » -- Avant-propos, page ii.
650 6|aSaumon quinnat|xConservation|zColombie-Britannique|zVancouver, Île de.
650 6|aFaune|xRétablissement|zColombie-Britannique|zVancouver, Île de.
7101 |aCanada. |bMinistère des pêches et des océans, |eorganisme de publication.
77508|tRebuilding plan : |w(CaOODSP)9.952575
830#0|aPlan de rétablissement.|w(CaOODSP)9.954328
85640|qPDF|s1.35 Mo|uhttps://publications.gc.ca/collections/collection_2025/mpo-dfo/Fs144-87-2025-fra.pdf